| 000 | 00507nam a2200181Ia 4500 | ||
|---|---|---|---|
| 008 | 230125s9999 xx 000 0 und d | ||
| 041 | _aeng | ||
| 082 |
_a376 _bKHU |
||
| 100 |
_aKhutwadkar M _9109889 |
||
| 245 | _aGrampanchayatiche nirmiti-rachana ani niwadnuka | ||
| 260 |
_c1997 _bIndian Institute of Education |
||
| 300 | _a16p | ||
| 500 | _aPanchayat raj,Marathi book | ||
| 500 | _aEducation;Grampanchayat | ||
| 650 |
_aEducation _9109890 |
||
| 700 |
_aKhutwadkar M _9109889 |
||
| 999 |
_c86555 _d86555 |
||